000
00282nam a2200121Ia 4500
008
241002s9999 xx 000 0 und d
082
_a
808.3 DOS
100
_a
Dostyyevsky, Fyoder
245
0
_a
Crim and Punishment
260
_a
London:
_c
1957
600
_a
Literature
942
_c
UC
999
_c
18786
_d
18786